00623nam a2200229 a 4500001001300000003000900013005001700022008004100039020000900080082001400089100001600103245001700119260004500136300000800181500003500189650000800224700001600232902000800248942000700256952011300263999001700376nice12345678IN_TiNIC20260116014453.0070411s2006 newa grp 000 0 eng  ac1000a340bMAT6 aMathew, P D aLaw of Wills aNew DelhibIndian Social Institutec2006 a22p aincludes index and biblioraphy aLaw1 aMathew, P D bSRS cBK 001040708StackRoom-aHMIbHMId2007-04-11g10.00l0o340 MAT6p021715r2007-04-11v10.00w2007-04-11yBK c15495d15495